000 00792nas a2200265 4500
001 BR8403342
003 BR-BrBNA
005 20231205085939.0
007 ta
008 230509b bl.|||p| |||| 00| 00por d
040 _aBR-BrBNA
_bpor
_cBiblioteca Nacional de Agricultura
041 _a(Pt)
072 _aL00; L70
100 1 _aBeck, A.A.H.
245 1 _aProblemas sanitarios que afetam as producoes de carne e leite [higiene veterinaria, mortalidade animal]
650 _aBOVINO
650 _aCARNE
650 _aLEITE
650 _aPRODUCAO
650 _aHIGIENE VETERINARIA
650 _aMORTALIDADE ANIMAL
773 0 _tBalde Branco (Brazil)
_xISSN 0005-4275
_g(Dec 1984), v. 18(242) p. 18-22
_wBR8403342
909 _a202311
_bLúcia
_c55
_dLúcia Elande
942 _2AGRIS
_n0
_cANA
999 _c115023
_d115023